| 000 | 00744nam a22002777a 4500 | ||
|---|---|---|---|
| 003 | CHAP | ||
| 005 | 20220329140814.0 | ||
| 008 | 971013s1939 enka r 00010 eng d | ||
| 010 | _a57910 | ||
| 011 | _a58882 | ||
| 035 | _a63038 | ||
| 040 | _cCHAP | ||
| 082 | 0 | 0 |
_a589.9 _bS84 1939 |
| 100 | 0 | 0 |
_aStephenson, Marjory. _9109680 |
| 245 | 1 | _aBacterial metabolism | |
| 250 | _a2 ed. | ||
| 260 |
_aLondon : _bLongmans Green, _c1939 |
||
| 300 |
_a391 p. _b: ilus. |
||
| 590 |
_aBATCH-UPD _b10 _c20130110 _lUCH01 _h0351 |
||
| 590 |
_aCONVERSION _b10 _c20130109 _lUCH01 _h1331 |
||
| 650 | 1 | 4 |
_aBacterias. _99318 |
| 650 | 1 | 4 |
_aMetabolismo. _975149 |
| 901 | _aBK | ||
| 942 | _cLIBRO | ||
| 949 |
_a589.9 S84 1939 _bBC _cBPP _d-135264 _eBPP _h1698 _i63038 _si |
||
| 999 |
_c57910 _d57910 |
||